000 02069nam a2200781Ia 4500
001 8901
008 191123s9999 xx 000 0 und d
020 _a9789879358368
041 _aspa
044 _aag
100 _aAlonso, Rodrigo,
245 0 _aEl futuro ya no es lo que era :
_bImaginarios de futuro en Argentina 1910-2010.
260 _aBuenos Aires :
_bFundación OSDE,
_c2009.
300 _a72 p.
500 _aincluye notas y listado de obras exhibidas.
650 _aAVELLO, SERGIO
650 _aBACAL, NICOLAS
650 _aBARREDA, FABIANA
650 _aBENEDIT, LUIS F.
650 _aBORES, TATO
650 _aCHURBA, MARTIN
650 _aCLUSELLAS, GERARDO
650 _aDE LA VEGA, JORGE
650 _aFACCHIN, MARA
650 _aFASCI, MIRTA
650 _aFLORIDO, ESTANISLAO
650 _aFORNER, RAQUEL
650 _aFOTOGRAFIA
650 _aGARCIA, AURELIO
650 _aGORDIN, SEBASTIAN
650 _aGRIPPO, VICTOR
650 _aGUIOT, PABLO
650 _aHERMIDA, RODOLFO
650 _aJANNELLO, CESAR
650 _aKAGEL, MAURICIO
650 _aKOSICE, GYULA, KOSICE
650 _aLINDNER, LUX
650 _aLUNA, LEONEL
650 _aMACCHI, JORGE
650 _aMIÑO, JORGE
650 _aMOLINA, MARIANO
650 _aNOE, LUIS FELIPE
650 _aONTIVEROS, DANIEL
650 _aPASTORINO, ESTEBAN
650 _aPITTAU, LUIS
650 _aPOMBO, MARCELO
650 _aPONS, RICARDO
650 _aPROYECTO BIOPUS
650 _aQUIROULE, PIERRE
650 _aRANDO, NAHUEL
650 _aSACCO, GRACIELA
650 _aSANTORO, DANIEL
650 _aSARACENO, TOMAS
650 _aSARDON, MARIANO
650 _aTALLER POPULAR DE SERIGRAFIA
650 _aTRAMANDO
650 _aWILLIAMS, AMANCIO
650 _aZABALA, HORACIO
710 _aFundacion OSDE. Buenos Aires. Argentina
902 _aM
903 _am
904 _am
907 _aimpreso
911 _ailustrado color ; 22 cm.
912 _a2009
942 _cLIBRO
999 _c6587
_d6587